000 00408nam a2200181Ia 4500
003 0STCL
008 150530s9999 xx 000 0 und d
040 _aSTCL
_cSTCL
100 _aNamboodiripad, M.C.
245 _aSciencientte Vikasam
250 _a1
260 _bMangalodayam ; Thrissur
_c1948
300 _a0
546 _aMalayalam
942 _2ddc
_cBK
999 _c17704
_d17704
005 20220125165813.0